<?xml version="1.0" encoding="UTF-8"?><?xml-stylesheet type="text/xsl" href="static/style.xsl"?><OAI-PMH xmlns="http://www.openarchives.org/OAI/2.0/" xmlns:xsi="http://www.w3.org/2001/XMLSchema-instance" xsi:schemaLocation="http://www.openarchives.org/OAI/2.0/ http://www.openarchives.org/OAI/2.0/OAI-PMH.xsd"><responseDate>2026-04-27T20:17:15Z</responseDate><request verb="GetRecord" identifier="oai:uvadoc.uva.es:10324/26355" metadataPrefix="marc">https://uvadoc.uva.es/oai/request</request><GetRecord><record><header><identifier>oai:uvadoc.uva.es:10324/26355</identifier><datestamp>2021-06-29T18:30:32Z</datestamp><setSpec>com_10324_38</setSpec><setSpec>col_10324_852</setSpec></header><metadata><record xmlns="http://www.loc.gov/MARC21/slim" xmlns:doc="http://www.lyncode.com/xoai" xmlns:xsi="http://www.w3.org/2001/XMLSchema-instance" xmlns:dcterms="http://purl.org/dc/terms/" xsi:schemaLocation="http://www.loc.gov/MARC21/slim http://www.loc.gov/standards/marcxml/schema/MARC21slim.xsd">
<leader>00925njm 22002777a 4500</leader>
<datafield tag="042" ind1=" " ind2=" ">
<subfield code="a">dc</subfield>
</datafield>
<datafield tag="720" ind1=" " ind2=" ">
<subfield code="a">Montero Fraile, África</subfield>
<subfield code="e">author</subfield>
</datafield>
<datafield tag="260" ind1=" " ind2=" ">
<subfield code="c">2017</subfield>
</datafield>
<datafield tag="520" ind1=" " ind2=" ">
<subfield code="a">Este Trabajo de Fin de Grado hace referencia a cómo favorecer la adquisición y el aprendizaje de una lengua extranjera, en este caso del inglés, a través del uso de una metodología lúdica y de diversas técnicas basadas en el juego, mediante la creación de un ambiente confortable que fomente la participación activa de los niños1 y que promueva el disfrute a través del aprendizaje y descubrimiento de su entorno.&#xd;
La propuesta realizada está basada en lograr que los alumnos desarrollen su competencia comunicativa a través del uso de diversos recursos lúdicos, asimismo, que aprendan la lengua inglesa de forma natural y como medio de comunicación.&#xd;
En los primeros niveles de Educación Primaria, el juego es un elemento básico para el aprendizaje de los niños, ya que, a través de él se convierten en protagonistas del aprendizaje y les permite desarrollar y construir su mundo interior, por ello resulta muy interesante y útil incluir el juego en el aprendizaje del inglés.</subfield>
</datafield>
<datafield tag="024" ind2=" " ind1="8">
<subfield code="a">http://uvadoc.uva.es/handle/10324/26355</subfield>
</datafield>
<datafield tag="245" ind1="0" ind2="0">
<subfield code="a">La inclusión de una metodología lúdica en el aprendizaje del inglés</subfield>
</datafield>
</record></metadata></record></GetRecord></OAI-PMH>